000 00555nam a2200181Ia 4500
001 8172
005 20260306160549.0
008 260306t2022||||xx |||||||||||||| ||spa||
041 _aESP
082 _a370.115
_bO74
100 _aOrtiz La Torre, Alicia Catherine,
_eAUT
245 0 _a¿Qué ciudadanos estamos formando? :
_bpolíticas educativas sobre formación en ciudadanía para el fortalecimiento de la democracia en el Perú
260 _c2022
300 _a116 páginas :
_c29 cm.
650 _aGEN
654 _aCED
942 _cLIB
_dJUS
_fJUS
_2ddc
_n
999 _c8172
_d8172